| 000 | 01304nam a2200349 c 4500 | ||
|---|---|---|---|
| 003 | BLK | ||
| 005 | 20250728112354.0 | ||
| 008 | 180409b bul|||||r ||||||| ||bul|| | ||
| 010 | _aKNG00106480000 | ||
| 020 | _a954-597-167-3 | ||
| 040 | _aBLK | ||
| 041 |
_aBUL _cBUL |
||
| 080 |
_aРуска литература _b821.161.1 _x-31 _z821.161.1-31 |
||
| 100 | 1 |
_aДостоевски, Фьодор Михайлович _d1821-1881 _eпърви автор _964791 |
|
| 139 |
_aДостоевски, Фьодор Михайлович _bД 82 |
||
| 245 | 1 | 0 |
_aИграчът _bИз записките на един млад човек _cФьодор Михайлович Достоевски; прев. от рус. Лиляна Тодорова Минкова. |
| 257 | _aRUS | ||
| 260 |
_bФама _c2003 _aСофия |
||
| 300 |
_a148 с. _c20 см |
||
| 380 | _aX | ||
| 490 | 1 | _aКласика | |
| 500 | _aОриг. загл. Игрок / Ф. М. Достоевский. - Офс. изд. | ||
| 653 | _aромани | ||
| 700 | 1 |
_aМинкова, Лиляна Тодорова _9372041 |
|
| 852 | _aЦб 215038 | ||
| 856 | 4 | _qpdf | |
| 856 | 4 | _qpdf | |
| 942 |
_cKNG _n0 _019 |
||
| 944 |
_aCR _c01.01.2003 _k30549 _lВася Ганчева |
||
| 944 |
_aED _c03.07.2007 |
||
| 999 |
_c101433 _d101433 |
||
| 999 | _d101433 | ||